BIBLIOTECA PODER JUDICIAL
Portal Judicial TDF

Para las agencias eres una vasija (Y. C.) : (Registro nro. 5263)

000 -LEADER
fixed length control field 02038nab a22003137a 4500
003 - CONTROL NUMBER IDENTIFIER
control field OSt
005 - DATE AND TIME OF LATEST TRANSACTION
control field 20250209221700.0
008 - FIXED-LENGTH DATA ELEMENTS--GENERAL INFORMATION
fixed length control field 190603e xxum|||| |||| 00| 0 spa d
040 ## - CATALOGING SOURCE
Transcribing agency PJ
100 ## - MAIN ENTRY--PERSONAL NAME
9 (RLIN) 6317
Personal name García de Solavagione, Alicia
245 10 - TITLE STATEMENT
Title Para las agencias eres una vasija (Y. C.) :
Remainder of title a raíz del fallo de la CSJN sobre maternidad subrogada /
Statement of responsibility, etc Alicia García de Solavagione.
260 ## - PUBLICATION, DISTRIBUTION, ETC. (IMPRINT)
Date of publication, distribution, etc Ciudad Autónoma de Buenos Aires :
Place of publication, distribution, etc Thomson Reuters La Ley,
Name of publisher, distributor, etc 2025.
300 ## - PHYSICAL DESCRIPTION
Extent p. 190-203.
500 ## - GENERAL NOTE
General note Cita Online: TR LALEY AR/DOC/44/2025.<br/>Publicado en: RCCyC 2025 (febrero) , 190.
505 ## - FORMATTED CONTENTS NOTE
Formatted contents note Sumario: I. Pórtico.— II. El derrotero de los progenitores locatarios/comitentes; la progenitora subrogada y la justicia argentina.— III. Argumentos de los comitentes en segunda instancia.— IV. Argumentos de la Cámara Nacional de Apelaciones en lo Civil. Sala "E".— V. Recurso extraordinario federal.— VI. Exégesis de los argumentos de la CS. La indispensable certeza jurídica. Nuestras ideas y preocupaciones acerca de la maternidad subrogada.— VII. Estados de familia.— VIII. Gestación por sustitución transnacional. Turismo procreativo. Vida privada. Interés superior familiar.— IX. Bibliografía.
505 ## - FORMATTED CONTENTS NOTE
Formatted contents note Fallo comentado: CS ~ 22/10/2024 ~ S., I. N. c. A., C. L. s/ impugnación de filiación.
505 ## - FORMATTED CONTENTS NOTE
Title ¿Te interesa el texto completo? Solicitalo al correo: koha@justierradelfuego.gov.ar
650 #0 - SUBJECT ADDED ENTRY--TOPICAL TERM
9 (RLIN) 967
Topical term or geographic name as entry element DERECHO DE FAMILIA
650 #0 - SUBJECT ADDED ENTRY--TOPICAL TERM
9 (RLIN) 2741
Topical term or geographic name as entry element DERECHOS DE LAS NIÑAS, NIÑOS Y ADOLESCENTES
650 #0 - SUBJECT ADDED ENTRY--TOPICAL TERM
9 (RLIN) 1004
Topical term or geographic name as entry element FILIACION
650 #0 - SUBJECT ADDED ENTRY--TOPICAL TERM
9 (RLIN) 4486
Topical term or geographic name as entry element GESTACION POR SUSTITUCION
650 #0 - SUBJECT ADDED ENTRY--TOPICAL TERM
9 (RLIN) 4292
Topical term or geographic name as entry element TÉCNICAS DE REPRODUCCIÓN HUMANA ASISTIDA
650 #0 - SUBJECT ADDED ENTRY--TOPICAL TERM
9 (RLIN) 5385
Topical term or geographic name as entry element VOLUNTAD PROCREACIONAL
650 #0 - SUBJECT ADDED ENTRY--TOPICAL TERM
9 (RLIN) 4044
Topical term or geographic name as entry element PERSPECTIVA DE GÉNERO
650 #0 - SUBJECT ADDED ENTRY--TOPICAL TERM
9 (RLIN) 4097
Topical term or geographic name as entry element INTERES SUPERIOR DEL NIÑO
650 #0 - SUBJECT ADDED ENTRY--TOPICAL TERM
9 (RLIN) 234
Topical term or geographic name as entry element DERECHO COMPARADO
773 0# - HOST ITEM ENTRY
Host Biblionumber 2713
Host Itemnumber 3170
Place, publisher, and date of publication Ciudad Autónoma de Buenos Aires : Thomson Reuters La Ley, 2015-
Title Revista Código Civil y Comercial. Nº 1 - Febrero 2025
942 ## - ADDED ENTRY ELEMENTS (KOHA)
Source of classification or shelving scheme
Koha item type Analítica Artículo de Revista

No hay ítems disponibles.

12 de Octubre 789 Ushuaia - Tel:  54(02901)441571
Horario de Atención: 8.00 a 17.00 hs. 
bibliotecaush@justierradelfuego.gov.ar
koha@justierradelfuego.gov.ar
Seguinos en nuestras redes @bibliojustdf 

Con tecnología Koha